| 000 | 01365nam a22003737a 4500 | ||
|---|---|---|---|
| 003 | CHAP | ||
| 005 | 20220329143410.0 | ||
| 008 | 090403s2009 mx ab r 00010 spa d | ||
| 010 | _a95991 | ||
| 011 | _a96963 | ||
| 035 | _a107620 | ||
| 040 | _cCHAP | ||
| 090 | _aTesis | ||
| 100 | 1 |
_aLópez José, Cesar Constantino. _968006 |
|
| 245 | 1 | 0 |
_aCaracterización de la vegetación de la reserva de la biosfera Tehuacán Cuicatlán _c/por Cesar Constantino López José |
| 260 |
_aChapingo, Méx. : _bEl autor, _c2009 |
||
| 300 |
_avii, 92 h. : _bilus., cuadros, gráfs. |
||
| 502 | _aTesis (Ing. en Recursos Naturales Renovables) -- UACH. Departamento de Suelos | ||
| 590 |
_aALEPH _b10 _c20130110 _lUCH01 _h1528 |
||
| 590 |
_aBATCH-UPD _b10 _c20130110 _lUCH01 _h0640 |
||
| 590 |
_aBATCH-UPD _b10 _c20130410 _lUCH01 _h0324 |
||
| 590 |
_aBATCH-UPD _b10 _c20130914 _lUCH01 _h0629 |
||
| 590 |
_aCONVERSION _b10 _c20130109 _lUCH01 _h1353 |
||
| 650 | 1 | 4 |
_aBiodiversidad. _912724 |
| 650 | 1 | 4 |
_aBiósfera. _912844 |
| 650 | 1 | 4 |
_aEcología vegetal. _935188 |
| 650 | 1 | 4 |
_aNeobuxbaumia. _980846 |
| 650 | 1 | 4 |
_aRegiones áridas. _995669 |
| 650 | 1 | 4 |
_aReserva de la biosfera. _996101 |
| 901 | _aBK | ||
| 942 | _cFOLL | ||
| 949 |
_aTesis _bBC _cTES _d33724002090850 _eTS1 _gDonaciØn _h49163 _i107620 _sb |
||
| 949 |
_aTesis _bBC _cTES _d33724002090892 _eTS2 _fc.2 _gDonaciØn _h49164 _i107620 _si |
||
| 999 |
_c95991 _d95991 |
||